000 00413nam a22001697a 4500
003 MACL
005 20151223162917.0
008 151223b xxu||||| |||| 00| 0 eng d
040 _cMACL
041 _aEnglish
082 _a822/ROY
100 _aRoy Srishti Gupta
_922571
245 _aOf High Heels And Heartbreaks
260 _aKolkata
_bYapanchitra Books
_c2011
650 _aDrama
_922572
942 _2ddc
_cBK
999 _c51760
_d51760